Použitie kompozície pozostávajúcej z eikosapentaénovej kyseliny a arachidónovej kyseliny na výrobu liečiva

Bibliographic Details
Corporate Author: LAXDALE Limited (Stirling, Veľká Británia) (Patent holder)
Other Authors: Horrobin, David Frederick (Originator)
Format: Book
Language:Slovak
PhysicalDescription:8 s. tab. 30 cm
Published: [Banská Bystrica] Úrad priemyselného vlastníctva SR [2010]
Subjects:

MARC

LEADER 00000cam a2200000 a 4500
001 vtls010077453
003 SK-MaSNL
005 20260331205628.0
008 251120s2010 xo a j f000 0 slo
013 |a 287209  |b xxk  |c patent  |d 20100308  |e dátum nadobudnutia účinkov patentu (Vestník ÚPV SR č.: 3/2010)  |d 20100224  |e dátum sprístupnenia patentu 
013 |a 1816-2002  |e číslo prihlášky  |d 20010620  |e dátum podania prihlášky  |d 20030805  |e dátum zverejnenia prihlášky (Vestník ÚPV SR č.: 8/2003) 
013 |a 0016045.7  |e číslo prioritnej prihlášky  |d 20000629  |e dátum podania prioritnej prihlášky  |b GB  |e kód krajiny prioritnej prihlášky 
015 |a SNBN2014 
040 |a SNK  |b slo  |c SNK  |e AACR2 
041 0 |a slo 
044 |a xo  |c SK 
072 7 |a 616  |x Patológia. Klinická medicína  |2 konspekt 
072 7 |a 615  |x Farmácia. Farmakológia  |2 konspekt 
080 |a 616.8  |2 2001 
080 |a 615.2/.3  |2 2001 
080 |a 615.45  |2 2001 
084 |a A61K 31/185  |2 IPC 
084 |a A61P 25/00  |2 IPC 
100 1 |a Horrobin, David Frederick  |4 org  |9 324694 
245 1 0 |a Použitie kompozície pozostávajúcej z eikosapentaénovej kyseliny a arachidónovej kyseliny na výrobu liečiva  |c David Frederick Horrobin ; patent. zást. Eva Bušová 
260 |a [Banská Bystrica]  |b Úrad priemyselného vlastníctva SR  |c [2010] 
300 |a 8 s.  |b tab.  |c 30 cm 
650 0 7 |a choroby nervového systému  |2 SNKPH  |9 24860 
650 0 7 |a Nervous system diseases  |2 SNKPHeng  |9 275331 
650 0 7 |a Medicaments  |2 SNKPHeng  |9 275427 
650 0 7 |a liečivá  |2 SNKPH  |9 2452 
650 0 7 |a liečivé prípravky  |2 SNKPH  |9 84057 
650 0 7 |a Pharmaceutical preparations  |2 SNKPHeng  |9 303429 
655 7 |a patenty  |2 SNKPH  |9 177343 
655 7 |a patent licenses  |2 SNKPHeng  |9 303430 
700 1 |a Bušová, Eva  |4 oth  |9 297878 
710 2 |a LAXDALE Limited (Stirling, Veľká Británia)  |4 pth  |9 324695 
852 |a Štátna vedecká knižnica v Banskej Bystrici 
999 |c 574768  |d 576698 
952 |a SNK  |b SNK  |y PREZ  |7 0  |p 17A1132286  |o snkSK 287209  |i snk2014/26295  |8 0  |0 0  |1 0  |4 0  |d 2014-11-27  |l 0  |r 2026-02-23 14:29:07  |w 2026-02-23